000 01306naa a22003737a 4500
001 BR6010026
003 BR-BrBNA
005 20240918173137.0
007 ta
008 230509b bl.||||| |||| 00| 0 por d
040 _aBR-BrBNA
_bpor
_cBiblioteca Nacional de Agricultura
041 _a(Pt)
072 _aT00
_b3862
_b8105
_bG514
_bGZ63
090 _aT00 BR6010026
100 1 _aGuimaraes, J.R.A.
100 1 _aFaria, A.
100 1 _aBergamin, F.
111 1 _a1. Congresso Nacional de Pesca
_cRio de Janeiro, GB (Brazil)
_d4 Nov 1934
245 1 _aOs residuos industriais e a poluicao as aguas interiores [Vinhaca; Peixe de agua doce; Campos; Rio de Janeiro; Piracicaba; Sao Paulo; Brasil]
260 3 _aRio de Janeiro, GB (Brasil):
_c1938.
500 _aPrimeiro Congresso Nacional de Pesca Rio de Janeiro, GB (Brasil): 1938. p. 157-182 (BR6010026-AM)T00
650 _aPoluicao
650 _aVinhaca
650 _aPeixe de agua doce
650 _aControle quimico
650 _aAguas interiores
650 _aCampos
650 _aRio de Janeiro
650 _aPiracicaba
650 _aSao Paulo
773 0 _tPrimeiro Congresso Nacional de Pesca
_b
_wT00 BR6010026
_gRio de Janeiro, GB (Brasil), 1938. p. 157-182
909 _a202404
_bLucia
_c55
_dLucia Elande
942 _cAM
_2AGRIS
999 _c303107
_d303107